01897nab a2200421uuc4500001000800000005001700008008004100025035001200066035002100078040001300099041000800112100003600120245005500156505035100211650004500562650003400607650002800641650002800669650002400697650002300721650002900744650002100773650003400794650002000828650002800848650003600876650002700912700003900939700004500978700005001023700003901073700003701112700004601149700003701195700004101232700004701273773015501320129207420251218100925.0120731e20110701 spa  a1292074 a(OCoLC)820651144 ccomduadb aspa10aAlmanza Payares, Rita4auteaut10aAnálisis de situación de salud Medellín 2010 aCONTENIDO : Introducción. -- Caracterización de la población. -- Morbilidad y mortalidad. -- Salud infantil. -- Salud sexual y reproductiva. -- Salud oral. -- Enfermedades crónicas no transmisibles ECNT y discapacidad. -- Salud mental. -- Enfermedades transmisibles. -- Salud nutricional. -- Conclusiones. -- Referencias bibliográficas. aSalud - Medellín (Antioquia, Colombia) 7aEstadísticas de salud2desc aMortalidad - Medellín aMorbilidad - Medellín 7aSalud infantil2dcs 7aSalud sexual2decs 7aSalud reproductiva2lemb 7aSalud bucal2dcs 7aEnfermedades crónicas2lemb 7aDiscapacidad 2 aSalud mental - Medellin 7aEnfermedades transmisibles2dcs aPolítica nutricional10aMontes Zuluaga, Fernando4auteaut10aLopera Velásquez, Verónica4auteaut10aGrajales Atehortua, Isabel Cristina4auteaut10aHoyos Zuluaga, Elizabeth4auteaut10aSalas Zapata, Carolina4auteaut10aVallejo Zapata, Isabel Cristina4auteaut10aArrubla Villa, Marcela4auteaut10aRestrepo Estrada, Carolina4auteaut10aGuzman Saldarriaga, Lina María4auteaut0 tSalud Pública de Medellín : Revista de la Secretaria de Salud (Medellín)gVol. 05, Jul. 2011, suplemento 2, p. 4-122w1048625x1909-12650431495